Biblioteca Parlamentaria
Catálogo en línea

Rosana Alvarado señala que avanzan las investigaciones tras el asesinato de Emilia B. (Registro nro. 41739)

000 -CABECERA
Campo de control interno nam a22 7a 4500
005 - FECHA Y HORA DE LA CATALOGACION
Campo de control 20180105154344.0
008 - ELEMENTOS DE LONGITUD FIJA - INFORMACION
Elementos de Longitud Fija - Informaci 180105b xxu||||| |||| 00| 0 eng d
040 ## - ORIGEN DE LA CATALOGACION
Origen de la Catalogación ANE
041 ## - CODIGO DE LENGUAJE
Código de lenguaje del texto Es
082 ## - NUMERO DE CLASIFICACION DECIMAL DEWEY
1ra. Clasificación TV-5852
100 ## - ENTREVISTADO
Entrevistado Alvaraso, Rosana
Rol del entrevistado Ministra de Justicia
245 ## - TÍTULO GENERAL
Título Rosana Alvarado señala que avanzan las investigaciones tras el asesinato de Emilia B.
260 ## - EDITORIAL
Ciudad Quito
Televisora que emite el programa Ecuador TV-Entrevista
Fecha del Programa 2018-01-05
300 ## - DESCRIPCION
Duración en minutos, horas (del programa) p.
520 ## - RESUMEN
Resumen La ministra de Justicia, Rosana Alvarado, se refirió a problemas internos en el Centro de Rehabilitación Social de Turi en Cuenca, donde hubo un cruce de balas entre varios internos del centro penitenciario. Al respecto, la ministra indicó que el percance fue controlado por la policía y descartó que existan rehenes como se mencionó en versiones no oficiales. Alvarado comentó que para evitar este tipo de emergencias, se toman medidas como el traslado de reos que pertenecen a una misma banda o que podría significar el enfrentamiento entre bandas rivales. Además, señaló que la idea no es saturar las cárceles, frente a lo cual en delitos menores, se otorgan medidas sustitutivas de parte de los jueces. Sobre el presunto culpable del asesinato de la niña Emilia B., la ministra explicó que las investigaciones las viene realizando la Fiscalía y que en este caso habría una concurrencia de delitos como trata de personas, pornografía infantil, entre otros. Para finalizar, Alvarado manifestó que pronto se irá definiendo el tema de la elección del Vicepresidente. Agregó que el contexto de gobernabilidad actual es diferente al que se vivió en 2013 y que a pesar de una ‘oposición’ inesperada, las ideas del proyecto son las mismas: soberanía, reforma económica y justicia social.
650 ## - DESCRIPTORES - TEMAS
Temas - Descriptores Acontecer Nacional / Rosana Alvarado / Ministra Justica / Ecuador TV-Entrevista / Justica Ecuatoriana / problemas internos / Centro Rehabilitación Social Turi Cuenca / Policia Nacional / medidas sustitivas jueces / presunto culpable asesinato / Emilia B / investigaciones Fiscalía / trata personas / pornografía infantil / elección vicepresidente /gobernabilidad actual / soberanía, reforma económica y justicia social /
942 ## - ELEMENTOS DE KOHA
Esquema de Clasificaci
Tipo de Documento Material Multimedia (radio y televisión)
Catalogador IES.
Existencias
Withdrawn status Lost status Fuente de Clasificaci Damaged status Not for loan Ubicaci Biblioteca Fecha de Adquisición Signatura Topogr Código de barras Date last seen Price effective from Tipo de Item
          Biblioteca Asamblea Nacional Biblioteca Asamblea Nacional 2018-01-05 TV-5852 TV-5852 2018-01-05 2018-01-05 Material Multimedia (radio y televisión)
Dirección: Av. 6 de Diciembre y Piedrahita | Quito - Ecuador
Teléfonos: 593-23991000 Ext: 1147/1148
Correo:
archivo.biblioteca@asambleanacional.gob.ec

Soporte: FusionSolutions Cia. Ltda
archivobiblioteca white

Con tecnología Koha